000 00269nam a22001337a 4500
003 SGT
082 _a635
_bTHO
100 _aTHOMPSON HOMER C
245 _aVEGETABLE CROPS
260 _aLONDON
_bMC GROW HILL
_c1939
300 _a578
650 _aAG
942 _2ddc
_cRARE
999 _c33748
_d33748